Normal view
MARC view
Entry Personal Name
001 - CONTROL NUMBER
- control field: 126511
003 - CONTROL NUMBER IDENTIFIER
- control field: NUST
005 - DATE AND TIME OF LATEST TRANSACTION
- control field: 20241028125237.0
008 - FIXED-LENGTH DATA ELEMENTS
- fixed length control field: 241028|| aca||aabn | a|a d
040 ## - CATALOGING SOURCE
- Original cataloging agency: NUST
- Transcribing agency: NUST
100 ## - HEADING--PERSONAL NAME
- General subdivision: MS-Computer Science
670 ## - SOURCE DATA FOUND
- Source citation: Work cat.: (NUST)13392: Innayatullah 98562, Integration of ASM with event-B RODIN/, 2015
